Inventarizácia v neziskových účtovných jednotkách
Uskutočnenie inventarizácie. Čo je nezisková účtovná jednotka povinná inventarizovať. Termíny vykonávania inventúry. Príslušný druh inventúry. Vyhotovenie inventúrneho súpisu. Inventarizačný zápis. Porovnanie skutočného stavu so stavom v účtovníctve. Účtovanie inventarizačných rozdielov pri jednotli...
Uložené v:
| Hlavný autor: | |
|---|---|
| Médium: | Kapitola |
| Jazyk: | Slovak |
| Predmet: | |
| Tagy: |
Žiadne tagy, Buďte prvý, kto otaguje tento záznam!
|
MARC
| LEADER | 00000naa$a2200000$$$4500 | ||
|---|---|---|---|
| 001 | 0107270 | ||
| 005 | 20231120114034.5 | ||
| 041 | 0 | |a slo | |
| 044 | |a SK | ||
| 245 | 1 | 0 | |a Inventarizácia v neziskových účtovných jednotkách |c Jana Vršková |
| 520 | |a Uskutočnenie inventarizácie. Čo je nezisková účtovná jednotka povinná inventarizovať. Termíny vykonávania inventúry. Príslušný druh inventúry. Vyhotovenie inventúrneho súpisu. Inventarizačný zápis. Porovnanie skutočného stavu so stavom v účtovníctve. Účtovanie inventarizačných rozdielov pri jednotlivých druhoch majetku. | ||
| 610 | 2 | 0 | |a inventarizácia |
| 610 | 2 | 0 | |a jednotka účtovná |
| 610 | 2 | 0 | |a inventúra |
| 610 | 2 | 0 | |a majetok |
| 610 | 2 | 0 | |a účtovanie |
| 610 | 2 | 0 | |a súpisy inventúrne |
| 610 | 2 | 0 | |a zápisy účtovné |
| 100 | 1 | |a Vršková, Jana | |